LEADER 00999nam a2200217 i 4500 001 000000144096 003 CaOOAMICUS 005 20051020000000.0 008 051020s1947 it u000 u ita u 013 $a119454 040 $aSeMil$bita 100 1 $aMisani, Attilio,$d<1886-1968>.$0(OLS)http://semarc/name/22912 245 10$aGuida pel Ritiro Mensile dei Sacerdoti, Religiosi, Religiose e Anime Pie con Ore di Adorazione /$cPadre Attilio Misani Missionario Oblato. 260 $aMilano :$bDaverio,$c1947. 300 $a302 p. ;$c15 cm. 650 4$aSacerdoti - Ritiri spirituali - Testi.$0(OLS)http://semarc/subject/1351 850 $aSeMil 852 $aSeMil$W1$xVenegono$y1$m106 74 *$j97067$B97067$CSeMilBibl$Z2$F104724 $81 961 $aRecupero: Biblioteca Seminario Saronno 996 $6245$aGuida pel Ritiro Mensile dei Sacerdoti, Religiosi, Religiose e Anime Pie con Ore di Adorazione$9(OLS)http://semarc/title/210777 996 $6260$aMilano :$bDaverio$9(OLS)http://semarc/publisher/30287 LEADER 01457nam a2200265 i 4500 001 000000259283 003 CaOOAMICUS 005 20180726000000.0 008 180726s1968 xx u000 u mul u 013 $a238191 040 $aSeMil$bita 100 1 $aPiana, Celestino .$0(OLS)http://semarc/name/89661 245 10$aPromozioni agli ordini sacri a Bologna e alle dignitą ecclesiastiche nel Veneto nei secoli 14.-15. /$cCelestino Piana, Cesare Cenci. 260 $aQuaracchi, Florentiae :$bTypographia Collegii S. Bonaventurae,$c1968. 300 $a454 p. ;$c25 cm. 490 0 $aSpicilegium Bonaventurianum ;$v3. 650 4$aReligiosi - Ordinazioni - Bologna - 1341-1508 - Annali.$0(OLS)http://semarc/subject/47254 650 4$aRepubblica di Venezia <697-1797> - Storia ecclesiastica - 1363-1497.$0(OLS)http://semarc/subject/47255 700 1 $aCenci, Cesare,$c.$0(OLS)http://semarc/name/89730 830 0$aSpicilegium Bonaventurianum ;$v3.$0(OLS)http://semarc/title/542 850 $aSeMil 852 $aSeMil$W1$xVenegono$y1$m2N V 603$j209628$B209628$CSeMilBibl$Z2$F223292 $81 961 $aSottoscrizione: Frati Editori di Quaracchi 996 $6245$aPromozioni agli ordini sacri a Bologna e alle dignitą ecclesiastiche nel Veneto nei secoli 14.-15.$9(OLS)http://semarc/title/414073 996 $6260$aQuaracchi, Florentiae :$bTypographia Collegii S. Bonaventurae$9(OLS)http://semarc/publisher/55517